000 00948pam a2200253 a 4500
999 _c56846
_d56846
001 1950078
005 20221107163524.0
008 870731s1988 nyua b 001 0 eng c
010 _a 87022059
020 _a0023671300 X
082 0 0 _a618.9
_219
100 1 _aLahey, Margaret.
_91048
245 1 0 _aLanguage disorders and language development /
_cMargaret Lahey.
260 _aNew York :
_bMacmillan ;
_aLondon :
_bCollier Macmillan,
_cc1988.
300 _axv, 535 p. :
_bill. ;
_c27 cm.
650 0 _aLanguage disorders in children.
_91049
650 0 _aChildren
_xLanguage.
_9588
650 2 _aLanguage Development.
_91050
650 2 _aLanguage Disorders
_xin infancy & childhood.
_91051
653 _aენის დარღვევები და ენის განვითარება
653 _aმედიცინა
700 1 _aBloom, Lois.
_tLanguage development and language disorders.
_91052
942 _2udc
_cBK